Famous Steves Quiz Stats

 Plays Quiz Updated Dec 5, 2018

Support Sporcle.
Go Orange.
Score 0/28 Timer 07:00
0 Plays Today
Hint Name % Correct
Director of 'E.T.' and 'Saving Private Ryan'Steven Spielberg
84.1%
Star of 'The Jerk' and 'The Pink Panther'Steve Martin
82.7%
Co-founder, chairman, and CEO of Apple Inc.Steve Jobs
80.8%
Actor who plays Michael Scott in 'The Office'Steve Carell
80.4%
Lead singer of AerosmithSteven Tyler
79.2%
Was known as the Crocodile HunterSteve Irwin
76.5%
Professional wrestler known as 'Stone Cold'Steve Austin
75.8%
Once on The Daily Show with Jon Stewart, he left to form his own self-titled showStephen Colbert
66.1%
Author of 'Cujo' and 'The Green Mile'Stephen King
61.8%
Ebony to Paul McCartney's ivoryStevie Wonder
59.8%
Singer from Fleetwood MacStevie Nicks
55.9%
Two time MVP for the Phoenix SunsSteve Nash
52.4%
Quarterback of the San Francisco 49ers (1987-1999)Steve Young
51.9%
Actor from 'The Great Escape' and 'The Magnificent Seven'Steve McQueen
45.2%
Hint Name % Correct
Physicist and author of 'A Brief History of Time'Stephen Hawking
45%
Martial arts actor from 'Under Siege' and 'On Deadly Ground'Steven Seagal
43.3%
Actor from 'Reservoir Dogs', 'Fargo', and 'Con Air'Steve Buscemi
42.7%
Front man for the band that sang 'Fly Like an Eagle' and 'Take the Money and Run'Steve Miller
40.4%
Member of the 'Kings of Comedy Tour' with Bernie MacSteve Harvey
29%
Grammy winning guitarist who sang 'Pride and Joy'Stevie Ray Vaughan
25%
Director 'Erin Brockovich' and 'Ocean's Eleven'Steven Soderbergh
22.8%
American composer and Grammy winner for 'Sweeney Todd'Stephen Sondheim
21%
First host of 'The Tonight Show'Steve Allen
19.4%
Author of 'The Red Badge of Courage'Stephen Crane
19.1%
Actor known for his roles in 'Joy Ride' and 'Sahara'Steve Zahn
18.7%
Deadpan comedian who got powdered water, but didn't know what to addSteven Wright
17.7%
American businessman, aviator, and adventurer. 1st to fly solo nonstop around the world in a balloonSteve Fossett
7.9%
Co-founder and former chairman of America OnlineSteve Case
3.5%

You're not logged in!

Compare scores with friends on all Sporcle quizzes.
OR
Log In
Forgot?

From the Vault

10 Poorest Countries in Europe

by bikingguy

Change just one letter and these are the poolest countries in Europe. That sounds way more fun.
Remove Ads.
Support Sporcle.
Get the best of Sporcle when you Go Orange. This ad-free experience offers more features, more stats, and more fun while also helping to support Sporcle. Thank you for becoming a member.

Show Comments

Extras

Top Quizzes Today


Score Distribution

Your Account Isn't Verified!

In order to create a playlist on Sporcle, you need to verify the email address you used during registration. Go to your Sporcle Settings to finish the process.

Report this User

Report this user for behavior that violates our Community Guidelines.

Details: